<Das> computergestützte Informationssystem KEV.

Informačné požiadavky na zostavenie koncepcie rozvoja energie. Možnosti poskytovania informácií pomocou počítačového systému KEV (bibliografické informácie, dáta, fakty, voľný text a grafika). Štruktúra databanky heterogénnych informácií. Čiastkové databanky (budovy a okolie, adresy, zámery, správy...

Descrizione completa

Salvato in:
Dettagli Bibliografici
Autore principale: Friedrich, V.
Altri autori: Hammers, R., Hinz, S.
Natura: Capitolo di libro
Lingua:tedesco
Soggetti:
Tags: Aggiungi Tag
Nessun Tag, puoi essere il primo ad aggiungerne!!

MARC

LEADER 00000naa a2200000 4500
001 r002735
005 20220819193443.2
041 0 |a ger 
044 |a DE 
245 1 0 |a <Das> computergestützte Informationssystem KEV.  |c V. Friedrich, R. Hammers, S. Hinz 
520 |a Informačné požiadavky na zostavenie koncepcie rozvoja energie. Možnosti poskytovania informácií pomocou počítačového systému KEV (bibliografické informácie, dáta, fakty, voľný text a grafika). Štruktúra databanky heterogénnych informácií. Čiastkové databanky (budovy a okolie, adresy, zámery, správy ap.). Tematická orientácia vyhľadávania v databanke. 
610 2 0 |a systémy informačné 
610 2 0 |a energia 
610 2 0 |a zásobovanie 
610 2 0 |a obce 
610 2 0 |a využitie počítačov 
610 2 0 |a banky dát 
100 1 |a Friedrich, V. 
700 1 |a Hammers, R. 
700 1 |a Hinz, S.